| 000 -ლიდერი |
| ფიქსირებული სიგრძის საკონტროლო ველი |
01745nam a2200289Ia 4500 |
| 001 - საკონტროლო ნომერი |
| საკონტროლო ველი |
22700 |
| 003 - საკონტროლო ნომრის იდენტიფიკატორი |
| საკონტროლო ველი |
GE_BSU |
| 005 - ბოლო ოპერაციის თარიღი და დრო |
| საკონტროლო ველი |
20230421164703.0 |
| 008 - ფიქსირებული სიგრძის მონაცემთა ელემენტები - ზოგადი ინფორმაცია |
| ფიქსირებული სიგრძის საკონტროლო ველი |
181216s ||||ge |||||||||||||| ||geo|| |
| 040 ## - კატალოგიზაციის წყარო |
| Transcribing agency |
GE_BSU |
| 041 ## - ენის კოდი |
| Language code of text/sound track or separate title |
geo |
| 080 ## - უნივერსალური ათობითი კლასიფიკაციის ინდექსი |
| Universal Decimal Classification number |
316.342.2+396+342.726+005 გ-32 |
| 245 ## - ცნობა სათაურის შესახებ |
| Title |
გენდერული მეინსტრიმინგი ადგილობრივ თვითმმართველობაში : |
| Remainder of title |
პროექტი "ვიშეგრადის ქვეყნების გამოცდილება ადგილობრივ დონეზე თანაბარი, ინკლუზიური და დემოკრატიული მმართველობისათვის |
| 264 ## - წარმოების, გამოცემის, დისტრიბუციის და სხვა ცნობები |
| გამოცემის, წარმოების, დისტრიბუციის... ადგილი |
ქუთაისი : |
| გამოცემის, წარმოების, დისტრიბუციის... სახელწოდება |
კულტურულ-ჰუმანიტარული ფონდი "სოხუმი", |
| გამოცემის, წარმოების, დისტრიბუციის... თარიღი |
2018. |
| 300 ## - ფიზიკური აღწერა |
| Extent |
284 გვ. : |
| Other physical details |
ილ. ; |
| Dimensions |
29 სმ. |
| Accompanying material |
დიაგრამები. |
| 546 ## - LANGUAGE NOTE |
| Language note |
წიგნი შედგენილია ქართულ და ინგისურ ენებზე |
| 653 ## - INDEX TERM--UNCONTROLLED |
| Uncontrolled term |
სამართალი |
| 653 ## - INDEX TERM--UNCONTROLLED |
| Uncontrolled term |
სოციოლოგია |
| 653 ## - INDEX TERM--UNCONTROLLED |
| Uncontrolled term |
ქალთა მოძრაობა |
| 653 ## - INDEX TERM--UNCONTROLLED |
| Uncontrolled term |
ქალთა საკითხები |
| 653 ## - INDEX TERM--UNCONTROLLED |
| Uncontrolled term |
ქალთა მდგომარეობა |
| 700 ## - ADDED ENTRY--PERSONAL NAME |
| Personal name |
შენგელია, ლ. |
| Relator term |
რედაქტორი |
| 9 (RLIN) |
580 |
| 700 ## - ADDED ENTRY--PERSONAL NAME |
| Personal name |
ნიჟარაძე, ნ. |
| Relator term |
თარგმანი ინგლისურიდან |
| 9 (RLIN) |
17740 |
| 700 ## - ADDED ENTRY--PERSONAL NAME |
| Personal name |
შენგელია, ლ. |
| Relator term |
თარგმანი რუსულიდან |
| 9 (RLIN) |
580 |
| 942 ## - ADDED ENTRY ELEMENTS (KOHA) |
| Koha item type |
წიგნი |
| Source of classification or shelving scheme |
|